[Event "ch-Schachbundesliga 2020"]
[Site "Karlsruhe GER"]
[Date "2020.09.17"]
[Round "3.4"]
[Board "6"]
[White "Fedorovsky, Michael"]
[Black "Kollars, Dmitrij"]
[Result "1/2-1/2"]
[WhiteTitle "IM"]
[BlackTitle "GM"]
[WhiteElo "2422"]
[BlackElo "2585"]
[WhiteTeam "FC Bayern Muenchen"]
[BlackTeam "Schachfreunde Deizisau"]
[WhiteFideId "14105454"]
[BlackFideId "12909572"]
[EventDate "2020.09.16"]

1. d4 Nf6 2. c4 e6 3. Nc3 Bb4 4. e3 O-O 5. Ne2 Re8 6. a3 Bf8 7. Nf4 d6 8. Be2
Nbd7 9. O-O e5 10. Nfd5 c6 11. Nxf6+ Nxf6 12. b4 g6 13. Bb2 Bg7 14. d5 Bf5 15.
Qd2 Qe7 16. dxc6 bxc6 17. b5 cxb5 18. cxb5 Rad8 19. Nd5 Nxd5 20. Qxd5 Be6 21.
Qd2 d5 22. a4 d4 23. exd4 exd4 24. Bd3 Bd5 25. Rfe1 Qd7 26. h3 Bb7 27. Qg5 Ba8
28. Rac1 h6 29. Rxe8+ Rxe8 30. Qc5 Kh7 31. Bf1 Rd8 32. Qc7 d3 33. Qxd7 Rxd7 34.
Bxg7 Kxg7 35. Rd1 d2 36. f3 Rd4 37. Kf2 Bd5 38. Ke3 Rxa4 39. Rxd2 Be6 40. Rd4
Ra3+ 41. Kf2 1/2-1/2

[Event "ch-Schachbundesliga 2020"]
[Site "Karlsruhe GER"]
[Date "2020.09.18"]
[Round "4.1"]
[Board "2"]
[White "Vachier-Lagrave, Maxime"]
[Black "Tari, Aryan"]
[Result "1-0"]
[WhiteTitle "GM"]
[BlackTitle "GM"]
[WhiteElo "2778"]
[BlackElo "2630"]
[WhiteTeam "OSG Baden-Baden"]
[BlackTeam "SG Solingen"]
[WhiteFideId "623539"]
[BlackFideId "1510045"]
[EventDate "2020.09.16"]

1. d4 d5 2. c4 e6 3. Nc3 Nf6 4. cxd5 Nxd5 5. Nf3 c5 6. e3 Nc6 7. Bc4 Nxc3 8.
bxc3 Be7 9. O-O O-O 10. Qe2 b6 11. Rd1 Qc7 12. e4 Bb7 13. Be3 Rad8 14. Rac1 Qb8
15. h4 h6 16. h5 Kh8 17. Bd3 cxd4 18. cxd4 Qd6 19. Bb1 f5 20. exf5 exf5 21. d5
Ne5 22. Bf4 Nxf3+ 23. Qxf3 Qf6 24. Rc7 Ba8 25. Qg3 Bxd5 26. Be5 Qf7 27. Bxf5 Be4
28. Rxd8 Rxd8 29. Qg6 Qxg6 30. Bxg6 Bxg6 31. Rxe7 Bxh5 32. Rxg7 Rd1+ 33. Kh2 Be2
34. f4 h5 35. Kg3 Rf1 36. Kh4 Rxf4+ 37. Rg4+ 1-0

[Event "ch-Schachbundesliga 2020"]
[Site "Karlsruhe GER"]
[Date "2020.09.18"]
[Round "4.1"]
[Board "3"]
[White "Van Foreest, Jorden"]
[Black "Aronian, Levon"]
[Result "1/2-1/2"]
[WhiteTitle "GM"]
[BlackTitle "GM"]
[WhiteElo "2682"]
[BlackElo "2773"]
[WhiteTeam "SG Solingen"]
[BlackTeam "OSG Baden-Baden"]
[WhiteFideId "1039784"]
[BlackFideId "13300474"]
[EventDate "2020.09.16"]

1. e4 e5 2. Nf3 Nc6 3. Bc4 Bc5 4. d3 Nf6 5. a4 h6 6. a5 a6 7. O-O O-O 8. c3 d6
9. h3 Kh8 10. Be3 Bxe3 11. fxe3 Qe7 12. Nbd2 Be6 13. Bxe6 Qxe6 14. Qe2 Rad8 15.
d4 Qe7 16. Rf2 Nb8 17. Qc4 c6 18. dxe5 dxe5 19. Nb3 Nbd7 20. Rd2 Rc8 21. Rad1
Rc7 22. Rd6 Ne8 23. R6d2 Nef6 24. Rd6 Ne8 25. R6d2 Nef6 1/2-1/2

[Event "ch-Schachbundesliga 2020"]
[Site "Karlsruhe GER"]
[Date "2020.09.18"]
[Round "4.1"]
[Board "4"]
[White "Wojtaszek, Radoslaw"]
[Black "Andersen, Mads"]
[Result "1-0"]
[WhiteTitle "GM"]
[BlackTitle "GM"]
[WhiteElo "2717"]
[BlackElo "2585"]
[WhiteTeam "OSG Baden-Baden"]
[BlackTeam "SG Solingen"]
[WhiteFideId "1118358"]
[BlackFideId "1413864"]
[EventDate "2020.09.16"]

1. d4 d5 2. c4 e6 3. Nc3 Nf6 4. cxd5 exd5 5. Bg5 c6 6. e3 Be7 7. Bd3 Nbd7 8. h3
Nb6 9. Bf4 Bd6 10. Nge2 O-O 11. Qc2 Re8 12. g4 Bxf4 13. Nxf4 Qe7 14. Nh5 Nxh5
15. Bxh7+ Kf8 16. gxh5 Qh4 17. O-O-O Qxh5 18. Bd3 Nc4 19. Rdg1 Nd6 20. Ne2 Bf5
21. Qc5 Bxd3 22. Qxd6+ Kg8 23. Nf4 Qh7 24. Nxd3 Qxd3 25. Rxg7+ Kxg7 26. Rg1+ Kh7
27. Qf6 Qc4+ 28. Kd2 Qb4+ 29. Ke2 Qf8 30. Qf5+ Kh6 31. Qf6+ Kh7 32. Rg5 Qh6 33.
Qxf7+ Kh8 34. Rh5 Qxh5+ 35. Qxh5+ Kg7 36. Qg5+ Kf7 37. Qf5+ Ke7 38. h4 Kd6 39.
h5 Re7 40. Kf3 Kc7 41. Qg5 Rf8+ 42. Kg4 Ree8 43. Kh4 Rg8 44. Qf6 Kb6 45. h6 Rg1
46. Kh5 Reg8 47. Qh4 Rh8 48. f4 Kc7 49. f5 Kd7 50. Qh2 Rf1 51. Qh3 Rg1 52. f6+
Kd8 53. Qh2 Rhg8 54. Qb8+ Kd7 55. Qxb7+ Kd8 56. Qe7+ Kc8 57. Qg7 1-0

[Event "ch-Schachbundesliga 2020"]
[Site "Karlsruhe GER"]
[Date "2020.09.18"]
[Round "4.1"]
[Board "5"]
[White "Van Wely, Loek"]
[Black "Rapport, Richard"]
[Result "0-1"]
[WhiteTitle "GM"]
[BlackTitle "GM"]
[WhiteElo "2615"]
[BlackElo "2760"]
[WhiteTeam "SG Solingen"]
[BlackTeam "OSG Baden-Baden"]
[WhiteFideId "1000268"]
[BlackFideId "738590"]
[EventDate "2020.09.16"]

1. Nf3 d5 2. d4 Bf5 3. c4 e6 4. Nc3 Bb4 5. Qb3 Nc6 6. Bg5 Nge7 7. e3 a5 8. a3 a4
9. Qd1 Bxc3+ 10. bxc3 f6 11. Bf4 Qd7 12. Nh4 Be4 13. f3 Bg6 14. Nxg6 hxg6 15.
Rb1 b6 16. Qc2 Kf7 17. Bd3 dxc4 18. Bxc4 Nd5 19. Bxd5 exd5 20. c4 g5 21. Bg3
Rhe8 22. Kf2 f5 23. cxd5 Qxd5 24. Rhc1 Re6 25. Qc4 Ne7 26. Rb5 c5 27. dxc5 Qd2+
28. Kf1 Nd5 29. Bf2 Rh8 30. Kg1 Nxe3 31. Qc3 Rxh2 0-1

[Event "ch-Schachbundesliga 2020"]
[Site "Karlsruhe GER"]
[Date "2020.09.18"]
[Round "4.1"]
[Board "7"]
[White "Nikolic, Predrag"]
[Black "Vallejo Pons, Francisco"]
[Result "0-1"]
[WhiteTitle "GM"]
[BlackTitle "GM"]
[WhiteElo "2562"]
[BlackElo "2710"]
[WhiteTeam "SG Solingen"]
[BlackTeam "OSG Baden-Baden"]
[WhiteFideId "14400014"]
[BlackFideId "2205530"]
[EventDate "2020.09.16"]

1. d4 g6 2. Nf3 Bg7 3. g3 c5 4. Bg2 cxd4 5. Nxd4 Nc6 6. Nb3 d6 7. c4 Be6 8. c5
dxc5 9. Bxc6+ bxc6 10. Qxd8+ Rxd8 11. Nxc5 Bh3 12. Nc3 Nh6 13. Bd2 O-O 14. Rc1
Ng4 15. Nd1 Bd4 16. Nb3 Bb6 17. Ne3 Ne5 18. Nc5 Rd4 19. Nb3 Ra4 20. a3 Rb8 21.
Bb4 a5 22. Bc5 Nd7 23. Bxb6 Rxb6 24. Rc3 Be6 25. Nc1 Rxb2 26. O-O c5 27. Nd3 Rb3
28. Rc2 Rbxa3 29. Rfc1 Ra2 30. Rc3 Rxe2 31. Nf4 Rd2 32. Nxe6 fxe6 33. Nc4 Rd5
34. Rb3 Rd4 35. Ne3 Rab4 36. Ra3 a4 37. Rcc3 e5 38. Nc2 Kg7 39. Ra2 Rb3 40. Nxd4
Rxc3 41. Nc6 a3 42. Kf1 Nb6 43. Nxe5 Nd5 0-1

[Event "ch-Schachbundesliga 2020"]
[Site "Karlsruhe GER"]
[Date "2020.09.18"]
[Round "4.1"]
[Board "8"]
[White "Naiditsch, Arkadij"]
[Black "Naumann, Alexander"]
[Result "1/2-1/2"]
[WhiteTitle "GM"]
[BlackTitle "GM"]
[WhiteElo "2624"]
[BlackElo "2539"]
[WhiteTeam "OSG Baden-Baden"]
[BlackTeam "SG Solingen"]
[WhiteFideId "4650891"]
[BlackFideId "4623169"]
[EventDate "2020.09.16"]

1. e4 c5 2. Nf3 e6 3. d4 cxd4 4. Nxd4 Nc6 5. Nc3 Qc7 6. a3 a6 7. Be3 b5 8. Nxc6
Qxc6 9. Qd4 Bb7 10. O-O-O Rc8 11. Bd3 Nf6 12. Rhe1 Bc5 13. Qxc5 Qxc5 14. Bxc5
Rxc5 15. Bf1 Ke7 16. Rd4 Rhc8 17. f3 d5 18. e5 Nd7 19. Bd3 g5 20. a4 bxa4 21.
Nxa4 R5c7 22. Kd2 a5 23. Nc3 Bc6 24. h4 h6 25. hxg5 hxg5 26. Rg4 Rg8 27. f4 Rb7
28. b3 Rb4 29. g3 a4 30. bxa4 Bxa4 31. Ra1 Nxe5 32. fxe5 Rxg4 33. Rxa4 Rxa4 34.
Nxa4 1/2-1/2

[Event "ch-Schachbundesliga 2020"]
[Site "Karlsruhe GER"]
[Date "2020.09.18"]
[Round "4.2"]
[Board "1"]
[White "Fressinet, Laurent"]
[Black "Mamedyarov, Shakhriyar"]
[Result "0-1"]
[WhiteTitle "GM"]
[BlackTitle "GM"]
[WhiteElo "2635"]
[BlackElo "2764"]
[WhiteTeam "SV Werder Bremen"]
[BlackTeam "SC Viernheim"]
[WhiteFideId "608742"]
[BlackFideId "13401319"]
[EventDate "2020.09.16"]

1. d4 Nf6 2. c4 g6 3. Nc3 d5 4. cxd5 Nxd5 5. e4 Nxc3 6. bxc3 Bg7 7. Nf3 c5 8.
Be3 Qa5 9. Qd2 O-O 10. Rc1 cxd4 11. cxd4 Qxd2+ 12. Bxd2 Bd7 13. Bc4 Nc6 14. d5
Nd4 15. Nxd4 Bxd4 16. Ke2 Rfc8 17. Bd3 e6 18. Be3 Bxe3 19. Kxe3 exd5 20. exd5
Kf8 21. Rhd1 Ba4 22. Rxc8+ Rxc8 23. Rb1 b6 24. Rb4 Bd7 25. Rc4 Ke7 26. Rxc8 Bxc8
27. Kd4 Kd6 28. h4 Bd7 29. a3 h6 30. Be2 b5 31. Bd3 a6 32. Bc2 Be8 33. f4 Bd7
34. g3 Bg4 35. Be4 Bd1 36. Bg2 f5 37. Bh1 h5 38. Bg2 Bc2 39. Bf1 Be4 40. a4 bxa4
41. Kc3 a3 42. Bxa6 Bxd5 0-1

[Event "ch-Schachbundesliga 2020"]
[Site "Karlsruhe GER"]
[Date "2020.09.18"]
[Round "4.2"]
[Board "2"]
[White "Malakhov, Vladimir"]
[Black "McShane, Luke J"]
[Result "1/2-1/2"]
[WhiteTitle "GM"]
[BlackTitle "GM"]
[WhiteElo "2669"]
[BlackElo "2680"]
[WhiteTeam "SC Viernheim"]
[BlackTeam "SV Werder Bremen"]
[WhiteFideId "4120787"]
[BlackFideId "404853"]
[EventDate "2020.09.16"]

1. Nf3 Nf6 2. g3 g6 3. b3 d6 4. d4 b5 5. e3 a6 6. Bg2 Bb7 7. O-O Nbd7 8. c4 Bg7
9. Nc3 O-O 10. Bb2 Rb8 11. Qe2 e6 12. Rac1 bxc4 13. Qxc4 c5 14. Na4 Bc6 15. dxc5
Bb5 16. Qc2 Bxf1 17. Bxf1 Nxc5 18. Nxc5 dxc5 19. Bxa6 Ra8 20. Bxf6 Qxf6 21. Bb7
Ra7 22. Be4 c4 23. bxc4 Qb2 24. Qxb2 Bxb2 25. Rc2 Rxa2 26. c5 Ra1+ 27. Kg2 Bf6
28. Bb7 Rb8 29. c6 Ra7 30. c7 Raxb7 31. cxb8=Q+ Rxb8 1/2-1/2

[Event "ch-Schachbundesliga 2020"]
[Site "Karlsruhe GER"]
[Date "2020.09.18"]
[Round "4.2"]
[Board "3"]
[White "Areshchenko, Alexander"]
[Black "Kryvoruchko, Yuriy"]
[Result "1/2-1/2"]
[WhiteTitle "GM"]
[BlackTitle "GM"]
[WhiteElo "2678"]
[BlackElo "2682"]
[WhiteTeam "SV Werder Bremen"]
[BlackTeam "SC Viernheim"]
[WhiteFideId "14109530"]
[BlackFideId "14109182"]
[EventDate "2020.09.16"]

1. e4 e5 2. Nf3 Nc6 3. Bc4 Bc5 4. O-O Nf6 5. d3 d6 6. c3 a6 7. a4 Ba7 8. Re1 O-O
9. h3 Be6 10. Nbd2 Bxc4 11. Nxc4 Ne7 12. Bg5 Ng6 13. Nh4 Re8 14. Nf5 h6 15. Be3
d5 16. exd5 Bxe3 17. Ncxe3 Nxd5 18. Nxd5 Qxd5 19. Qg4 Qd8 20. h4 Qf6 21. Re3 Ne7
22. Nxe7+ Rxe7 23. Rae1 Rae8 24. Rg3 g6 25. h5 g5 26. Rf3 Qb6 27. Re2 Qb3 28.
Kh2 e4 29. Rf5 exd3 30. Rxg5+ hxg5 31. Qxg5+ Kf8 32. Qh6+ 1/2-1/2

[Event "ch-Schachbundesliga 2020"]
[Site "Karlsruhe GER"]
[Date "2020.09.18"]
[Round "4.2"]
[Board "4"]
[White "Korobov, Anton"]
[Black "Efimenko, Zahar"]
[Result "1/2-1/2"]
[WhiteTitle "GM"]
[BlackTitle "GM"]
[WhiteElo "2688"]
[BlackElo "2602"]
[WhiteTeam "SC Viernheim"]
[BlackTeam "SV Werder Bremen"]
[WhiteFideId "14105730"]
[BlackFideId "14107201"]
[EventDate "2020.09.16"]

1. d4 Nf6 2. c4 e6 3. Nf3 b6 4. g3 Bb4+ 5. Bd2 c5 6. Bg2 Bb7 7. O-O O-O 8. Bxb4
cxb4 9. Nbd2 d6 10. Rc1 Re8 11. Qa4 a5 12. Rfd1 Qe7 13. Ne1 e5 14. dxe5 dxe5 15.
c5 bxc5 16. Nc4 e4 17. Nd6 Bc6 18. Qc2 Rf8 19. Qxc5 Qa7 20. Qg5 e3 21. f3 h6 22.
Qf4 Bd7 23. Nc2 Nc6 24. Qxe3 Qa6 25. f4 Rad8 26. h3 a4 27. g4 b3 28. axb3 axb3
29. Ne1 Nb4 30. Ra1 Nc2 31. Rxa6 Nxe3 32. Rd3 Nc2 33. Nxc2 bxc2 34. Rc3 Bb5 35.
Rb6 Ba4 36. Kf2 Ne8 37. Rb4 Nxd6 38. Rxa4 Rc8 39. Bc6 Rc7 40. Rxc2 Rfc8 41. Ra6
Nb5 42. Ke3 Re7+ 43. Kd3 Rd8+ 44. Kc4 Nd4 45. Rc3 Rc7 46. Kc5 Ne6+ 47. Kb4 Rb8+
48. Ka3 Nxf4 49. b4 Nxe2 50. Rc4 Rd8 51. b5 Nd4 52. Kb4 g6 53. Kc5 Nxb5 54. Kxb5
Re7 55. Ra3 Kg7 56. Rf3 Re5+ 57. Kb6 h5 58. Rcf4 Rf8 59. Kc7 hxg4 60. hxg4 Rg5
61. Bd7 f5 62. gxf5 gxf5 63. Bxf5 Rf6 64. Kd7 Kf8 65. Kd8 Rf7 66. Rf1 Rf6 67.
R4f3 Rf7 68. Be6 Rxf3 69. Rxf3+ Kg7 70. Ke7 Kg6 71. Rf8 Kg7 72. Bf5 Rg3 73. Rf7+
Kh6 74. Kf6 Rg6+ 75. Ke5 Rg7 76. Rf8 Kg5 77. Be6 Kg6 78. Rf1 Kg5 79. Bf7 Kh6 80.
Be6 Kg5 81. Rh1 Kg6 82. Rh4 Kg5 83. Ra4 Kg6 84. Bf5+ Kg5 85. Ke6 Kh6 86. Kf6
Rg6+ 87. Ke5 Rg7 88. Kf4 Re7 89. Ra6+ Kg7 90. Kg5 Rf7 91. Be6 Rc7 92. Bd5 Kf8
93. Kf6 Rf7+ 94. Ke5 Re7+ 95. Be6 Rg7 96. Kd6 Rh7 97. Ra1 Kg7 98. Ke5 Rh5+ 99.
Bf5 Rh6 100. Ra7+ Kf8 101. Be6 Rh2 102. Kd6 Rb2 103. Ke5 Rf2 104. Bf5 Ke8 105.
Kf6 Rd2 106. Rc7 Rd1 107. Rc2 Rd4 108. Rc1 Rd2 109. Rc3 Rd1 110. Rc2 Rd4 111.
Bh3 Rf4+ 112. Bf5 Rd4 113. Rh2 Kd8 114. Rh7 Rd2 115. Be6 Rf2+ 116. Ke5 Rd2 117.
Bd5 Ke8 118. Kd6 Rf2 119. Rh8+ Rf8 120. Rxf8+ Kxf8 1/2-1/2

[Event "ch-Schachbundesliga 2020"]
[Site "Karlsruhe GER"]
[Date "2020.09.18"]
[Round "4.2"]
[Board "5"]
[White "Van Foreest, Lucas"]
[Black "Anton Guijarro, David"]
[Result "0-1"]
[WhiteTitle "GM"]
[BlackTitle "GM"]
[WhiteElo "2531"]
[BlackElo "2688"]
[WhiteTeam "SV Werder Bremen"]
[BlackTeam "SC Viernheim"]
[WhiteFideId "1039792"]
[BlackFideId "2285525"]
[EventDate "2020.09.16"]

1. e4 e5 2. Nf3 Nc6 3. Nc3 Nf6 4. a4 a6 5. d4 Bb4 6. Nxe5 Nxe4 7. Qf3 Nf6 8. Be3
O-O 9. Bd3 Re8 10. Nxc6 dxc6 11. O-O Bg4 12. Qg3 Bh5 13. Qh4 Bg6 14. Bxg6 hxg6
15. Na2 Bd6 16. Bg5 Qe7 17. Nc3 Qe6 18. Rad1 Nd5 19. Rd3 f6 20. Be3 Kf7 21. h3
Nxc3 22. Rxc3 Rh8 23. Qg4 Qxg4 24. hxg4 Bh2+ 25. Kh1 Rh4 26. Rb3 Bd6+ 27. Kg1
Bh2+ 28. Kh1 b5 29. axb5 Bg3+ 30. Kg1 Bh2+ 31. Kh1 axb5 32. Rc3 Bg3+ 33. Kg1
Bh2+ 34. Kh1 c5 35. g3 Bxg3+ 36. Kg2 Bd6 37. dxc5 Be5 38. Rb3 Rxg4+ 39. Kf3 Rc4
40. Rxb5 Rxc2 41. Rb1 Ke6 42. Rb4 g5 43. Ke4 Ra2 44. b3 f5+ 0-1

[Event "ch-Schachbundesliga 2020"]
[Site "Karlsruhe GER"]
[Date "2020.09.18"]
[Round "4.2"]
[Board "6"]
[White "Kovalenko, Igor"]
[Black "Werle, Jan"]
[Result "1-0"]
[WhiteTitle "GM"]
[BlackTitle "GM"]
[WhiteElo "2645"]
[BlackElo "2580"]
[WhiteTeam "SC Viernheim"]
[BlackTeam "SV Werder Bremen"]
[WhiteFideId "14117908"]
[BlackFideId "1006088"]
[EventDate "2020.09.16"]

1. d4 Nf6 2. Nf3 e6 3. c4 c5 4. e3 d5 5. Nc3 cxd4 6. exd4 Bb4 7. cxd5 Nxd5 8.
Bd2 O-O 9. Bd3 Nc6 10. O-O Nf6 11. Bg5 Be7 12. a3 b6 13. Re1 Bb7 14. Bc2 Re8 15.
Qd3 g6 16. Rad1 Rc8 17. h4 a6 18. Bb1 b5 19. Ba2 Na5 20. Ne5 Nd5 21. Ne4 f6 22.
Qh3 fxe5 23. Qxe6+ Kg7 24. Qxe5+ Bf6 25. Nxf6 Nxf6 26. Be6 Rc2 27. b4 Nc4 28.
Bxc4 Rxe5 29. dxe5 Qxd1 30. exf6+ 1-0

[Event "ch-Schachbundesliga 2020"]
[Site "Karlsruhe GER"]
[Date "2020.09.18"]
[Round "4.2"]
[Board "8"]
[White "Zaragatski, Ilja"]
[Black "Colbow, Collin"]
[Result "1/2-1/2"]
[WhiteTitle "GM"]
[WhiteElo "2517"]
[BlackElo "2210"]
[WhiteTeam "SC Viernheim"]
[BlackTeam "SV Werder Bremen"]
[WhiteFideId "4655192"]
[BlackFideId "16201132"]
[EventDate "2020.09.16"]

1. c4 c5 2. g3 g6 3. Bg2 Bg7 4. Nc3 Nc6 5. a3 a5 6. e3 d6 7. Nge2 Bd7 8. d4 Qc8
9. dxc5 dxc5 10. Na4 Qc7 11. Nxc5 Rd8 12. Qb3 Ne5 13. Nxd7 Rxd7 14. Nd4 Qxc4 15.
Qxc4 Nxc4 16. b3 Bxd4 17. exd4 Nd6 18. Bd2 a4 19. bxa4 Nf6 20. Rb1 O-O 21. O-O
Ra8 22. Rb4 e6 23. Bf4 Nd5 24. Bxd5 exd5 25. Rfb1 h5 26. Rb6 Nf5 27. Rxb7 Rxb7
28. Rxb7 Rxa4 29. Be5 g5 30. Rb4 Rxa3 31. Rb5 h4 32. Kg2 g4 33. Rb8+ Kh7 34.
Rh8+ Kg6 35. Rg8+ Kh5 36. Rh8+ Kg6 37. Rg8+ Kh5 38. Rh8+ 1/2-1/2

[Event "ch-Schachbundesliga 2020"]
[Site "Karlsruhe GER"]
[Date "2020.09.18"]
[Round "4.3"]
[Board "2"]
[White "Meier, Georg"]
[Black "Koch, Thomas1"]
[Result "1-0"]
[WhiteTitle "GM"]
[BlackTitle "IM"]
[WhiteElo "2622"]
[BlackElo "2461"]
[WhiteTeam "Schachfreunde Deizisau"]
[BlackTeam "Aachener SV"]
[WhiteFideId "4675789"]
[BlackFideId "4600533"]
[EventDate "2020.09.16"]

1. Nf3 c5 2. c4 Nf6 3. Nc3 b6 4. g3 Bb7 5. Bg2 g6 6. O-O Bg7 7. d4 cxd4 8. Qxd4
d6 9. Rd1 Nbd7 10. Be3 O-O 11. Qh4 Rc8 12. Rac1 Re8 13. b3 a6 14. Bh3 Rb8 15.
Nd5 Nxd5 16. cxd5 Nf6 17. Bh6 Bxd5 18. Ng5 Bb7 19. Bxg7 Kxg7 20. Be6 Rf8 21.
Bxf7 Bc8 22. Ne6+ Bxe6 23. Bxe6 b5 24. Rc6 b4 25. Qc4 Rb5 26. Qd4 Qb8 27. f4 a5
28. Rdc1 Rb7 29. g4 Qa7 30. Qxa7 Rxa7 31. Rc7 Rfa8 32. g5 Ne4 33. Bd5 Nc3 34.
R7xc3 bxc3 35. Bxa8 Rxa8 36. Rxc3 Rb8 37. Rc7 Kf7 38. Ra7 Rb5 39. Kf2 Ke6 40. h4
Rc5 41. Ke3 Rd5 42. a4 Rc5 43. Kd3 Rd5+ 44. Ke3 Rc5 45. Rb7 Rc3+ 46. Kd4 Rc2 47.
Kd3 Rb2 48. Rb5 d5 49. e4 dxe4+ 50. Kxe4 Re2+ 51. Kd3 Rb2 52. Kc3 Rf2 53. Rxa5
Rxf4 54. Rb5 Kd6 55. a5 Kc6 56. Rb6+ Kc7 57. Rb4 Rf3+ 58. Kc4 Rf4+ 59. Kb5 Rf5+
60. Ka4 Rf1 61. Rc4+ Kd6 62. a6 e5 63. Kb5 1-0

[Event "ch-Schachbundesliga 2020"]
[Site "Karlsruhe GER"]
[Date "2020.09.18"]
[Round "4.3"]
[Board "3"]
[White "Vandenbussche, Thibaut"]
[Black "Donchenko, Alexander"]
[Result "0-1"]
[WhiteTitle "IM"]
[BlackTitle "GM"]
[WhiteElo "2435"]
[BlackElo "2654"]
[WhiteTeam "Aachener SV"]
[BlackTeam "Schachfreunde Deizisau"]
[WhiteFideId "204412"]
[BlackFideId "24603295"]
[EventDate "2020.09.16"]

1. e4 c6 2. Nc3 d5 3. Nf3 dxe4 4. Nxe4 Nf6 5. Qe2 Nxe4 6. Qxe4 Nd7 7. Bc4 Nf6 8.
Ne5 e6 9. Qe2 b5 10. Bb3 Qc7 11. d4 Bd6 12. O-O O-O 13. c3 Bb7 14. Bf4 a6 15. a4
c5 16. axb5 axb5 17. Qxb5 Rab8 18. Qa4 cxd4 19. cxd4 Bxg2 20. Kxg2 Rb4 21. Qa6
Rb6 22. Qa7 Rxb3 23. Rfc1 Qxa7 24. Rxa7 Rxb2 25. Bg3 Bb8 26. Ra8 Rb7 27. Rca1 g6
28. R1a3 Bxe5 29. dxe5 Nd5 30. Rxf8+ Kxf8 31. Ra8+ Kg7 32. Ra4 Rb3 33. Re4 h6
34. h4 Ne7 35. Bf4 Nf5 36. Bd2 Kf8 37. Bb4+ Ke8 38. Rc4 Kd7 39. Ba5 Rb5 40. Bc3
Rb6 41. Kf3 Rc6 42. Rxc6 Kxc6 43. Kg4 Kd5 44. h5 Ke4 45. f3+ Ke3 46. hxg6 fxg6
47. Ba5 h5+ 48. Kg5 Kxf3 49. Be1 h4 0-1

[Event "ch-Schachbundesliga 2020"]
[Site "Karlsruhe GER"]
[Date "2020.09.18"]
[Round "4.3"]
[Board "5"]
[White "Lemmers, Oscar"]
[Black "Lagarde, Maxime"]
[Result "0-1"]
[WhiteTitle "IM"]
[BlackTitle "GM"]
[WhiteElo "2348"]
[BlackElo "2657"]
[WhiteTeam "Aachener SV"]
[BlackTeam "Schachfreunde Deizisau"]
[WhiteFideId "1002759"]
[BlackFideId "662399"]
[EventDate "2020.09.16"]

1. e4 c5 2. c3 d5 3. exd5 Nf6 4. d4 Nxd5 5. Nf3 cxd4 6. cxd4 g6 7. Nc3 Nxc3 8.
bxc3 Qc7 9. Bd2 Bg7 10. Bd3 O-O 11. O-O Nc6 12. d5 Rd8 13. c4 Bg4 14. Rc1 Ne5
15. Be2 Bxf3 16. Bxf3 Nd3 17. Rc2 Nc5 18. Qe2 e5 19. dxe6 Nxe6 20. Be3 Re8 21.
Qd3 Rad8 22. Qb3 b6 23. Bd5 Nd4 24. Bxd4 Bxd4 25. Qd3 Qe5 26. Rd1 Bc5 27. g3 Kg7
28. Rdd2 Qa1+ 29. Rd1 Qe5 30. Rdd2 Rd6 31. Kg2 Red8 32. Re2 Qa1 33. Qc3+ Qxc3
34. Rxc3 b5 35. a3 a5 36. Rb3 Rb6 37. f4 a4 38. Rf3 f5 39. h3 h5 40. g4 hxg4 41.
hxg4 fxg4 42. Rg3 bxc4 43. Bxc4 Rd4 44. Be6 Rxf4 45. Bxg4 Bxa3 46. Ra2 Bb2 47.
Bd7 a3 48. Rgxa3 Bxa3 49. Rxa3 Rfb4 0-1

[Event "ch-Schachbundesliga 2020"]
[Site "Karlsruhe GER"]
[Date "2020.09.18"]
[Round "4.3"]
[Board "6"]
[White "Kollars, Dmitrij"]
[Black "Meessen, Rudolf"]
[Result "1-0"]
[WhiteTitle "GM"]
[BlackTitle "FM"]
[WhiteElo "2585"]
[BlackElo "2234"]
[WhiteTeam "Schachfreunde Deizisau"]
[BlackTeam "Aachener SV"]
[WhiteFideId "12909572"]
[BlackFideId "202029"]
[EventDate "2020.09.16"]

1. e4 g6 2. d4 Bg7 3. Nf3 d6 4. Bc4 e6 5. O-O a6 6. a4 b6 7. Nc3 Nd7 8. Bf4 Bb7
9. Qd2 Ne7 10. Bh6 O-O 11. Rfe1 Qc8 12. Rad1 Re8 13. h4 d5 14. Bxg7 Kxg7 15. Bd3
c5 16. e5 c4 17. Bf1 Bc6 18. h5 Ng8 19. Qf4 b5 20. Re3 h6 21. Qg4 b4 22. Ne2 Qd8
23. hxg6 fxg6 24. Nf4 Nf8 25. b3 Ra7 26. bxc4 Bxa4 27. Bd3 dxc4 28. Bxg6 Nxg6
29. Qxg6+ Kh8 30. Nxe6 Bxc2 31. Qxc2 Rxe6 32. Qxc4 Rb6 33. d5 Rab7 34. Qb3 a5
35. d6 Rg7 36. Red3 Qa8 37. Qd5 Rb8 38. d7 Qxd5 39. Rxd5 Rd8 40. e6 a4 41. Ne5
Ne7 42. Rb5 b3 43. Rd4 1-0

[Event "ch-Schachbundesliga 2020"]
[Site "Karlsruhe GER"]
[Date "2020.09.18"]
[Round "4.3"]
[Board "7"]
[White "Coenen, Norbert"]
[Black "Kozul, Zdenko"]
[Result "0-1"]
[WhiteTitle "IM"]
[BlackTitle "GM"]
[WhiteElo "2289"]
[BlackElo "2597"]
[WhiteTeam "Aachener SV"]
[BlackTeam "Schachfreunde Deizisau"]
[WhiteFideId "4619455"]
[BlackFideId "14502879"]
[EventDate "2020.09.16"]

1. e4 c5 2. Nf3 d6 3. Bb5+ Bd7 4. Bxd7+ Nxd7 5. O-O Ngf6 6. Qe2 e6 7. d4 cxd4 8.
Nxd4 a6 9. c4 Be7 10. b3 O-O 11. Nc3 Qa5 12. Bb2 Rfc8 13. Rac1 Bd8 14. Rfd1 Bc7
15. Kh1 Qh5 16. Qxh5 Nxh5 17. Ba3 Nhf6 18. g3 Ba5 19. Nde2 b5 20. Bxd6 bxc4 21.
b4 Bc7 22. Bxc7 Rxc7 23. f4 a5 24. b5 Nc5 25. Rd4 Nd3 26. Rb1 Rac8 27. e5 Ng4
28. b6 Rb7 29. Ne4 Ngf2+ 30. Nxf2 Nxf2+ 31. Kg2 Nd3 32. a3 Kf8 33. Nc3 Ke7 34.
Ne4 Rd7 35. Rxd7+ Kxd7 36. Nd6 c3 0-1

[Event "ch-Schachbundesliga 2020"]
[Site "Karlsruhe GER"]
[Date "2020.09.18"]
[Round "4.3"]
[Board "8"]
[White "Demuth, Adrien"]
[Black "Jablonowski, Christoph"]
[Result "1-0"]
[WhiteTitle "GM"]
[WhiteElo "2492"]
[BlackElo "1969"]
[WhiteTeam "Schachfreunde Deizisau"]
[BlackTeam "Aachener SV"]
[WhiteFideId "642274"]
[BlackFideId "24629790"]
[EventDate "2020.09.16"]

1. d4 Nf6 2. c4 g6 3. Nc3 Bg7 4. e4 d6 5. Nf3 O-O 6. Be2 e5 7. d5 a5 8. Bg5 h6
9. Be3 Ng4 10. Bd2 f5 11. h3 Nf6 12. exf5 gxf5 13. Qc1 f4 14. g3 e4 15. Nh4 e3
16. fxe3 fxg3 17. Ng6 Re8 18. Nf4 Bf5 19. Rg1 Na6 20. Rxg3 Nc5 21. Bf3 Nfe4 22.
Nxe4 Bxe4 23. Ke2 Bxf3+ 24. Kxf3 Ne4 25. Rg6 Ng5+ 26. Ke2 Kh8 27. Bc3 Re5 28. h4
Qf8 29. Rxg5 Rxg5 30. hxg5 Qf5 31. Bxg7+ Kxg7 32. gxh6+ Kh7 33. Qb1 1-0